<?xml version="1.0" encoding="UTF-8"?><?xml-stylesheet type="text/xsl" href="static/style.xsl"?><OAI-PMH xmlns="http://www.openarchives.org/OAI/2.0/" xmlns:xsi="http://www.w3.org/2001/XMLSchema-instance" xsi:schemaLocation="http://www.openarchives.org/OAI/2.0/ http://www.openarchives.org/OAI/2.0/OAI-PMH.xsd"><responseDate>2026-04-17T02:28:12Z</responseDate><request verb="GetRecord" identifier="oai:www.recercat.cat:2117/351450" metadataPrefix="marc">https://recercat.cat/oai/request</request><GetRecord><record><header><identifier>oai:recercat.cat:2117/351450</identifier><datestamp>2026-01-30T08:08:28Z</datestamp><setSpec>com_2072_1033</setSpec><setSpec>col_2072_452950</setSpec></header><metadata><record xmlns="http://www.loc.gov/MARC21/slim" xmlns:dcterms="http://purl.org/dc/terms/" xmlns:xsi="http://www.w3.org/2001/XMLSchema-instance" xmlns:doc="http://www.lyncode.com/xoai" xsi:schemaLocation="http://www.loc.gov/MARC21/slim http://www.loc.gov/standards/marcxml/schema/MARC21slim.xsd">
   <leader>00925njm 22002777a 4500</leader>
   <datafield ind2=" " ind1=" " tag="042">
      <subfield code="a">dc</subfield>
   </datafield>
   <datafield ind2=" " ind1=" " tag="720">
      <subfield code="a">Varillas Delgado, Javier</subfield>
      <subfield code="e">author</subfield>
   </datafield>
   <datafield ind2=" " ind1=" " tag="720">
      <subfield code="a">Ocenásek, Jan</subfield>
      <subfield code="e">author</subfield>
   </datafield>
   <datafield ind2=" " ind1=" " tag="720">
      <subfield code="a">Torner Ribé, Jordi</subfield>
      <subfield code="e">author</subfield>
   </datafield>
   <datafield ind2=" " ind1=" " tag="720">
      <subfield code="a">Alcalá Cabrelles, Jorge</subfield>
      <subfield code="e">author</subfield>
   </datafield>
   <datafield ind2=" " ind1=" " tag="260">
      <subfield code="c">2021-09</subfield>
   </datafield>
   <datafield ind2=" " ind1=" " tag="520">
      <subfield code="a">Nanoindentation experiments in metal surfaces are characterized by the onset of plastic instabilities along with the development of permanent nanoimprints and dense defect networks. This investigation concerns massive molecular dynamics simulations of nanoindentation experiments in FCC, BCC and HCP metals using blunted (spherical) tips of realistic size, and the detailed comparison of the results with experimental measurements. Our findings shed light on the defect processes which dictate the contact resistance to plastic deformation, the development of a transitional stage with abrupt plastic instabilities, and the evolution towards a self-similar steady-state characterized by the plateauing hardness  at constant dislocation density . The onset of permanent nanoimprints is governed by stacking fault and nanotwin interlocking, the buildup of nanostructured regions and crystallites throughout the imprint, the cross-slip and cross-kinking of surfaced screw dislocations, and the occurrence of defect remobilization events within the plastic zone. As a result of these mechanisms, the ratio between the hardness  and the Young's modulus  becomes higher in BCC Ta and Fe, followed by FCC Al, HCP Mg and large stacking fault width FCC Ni and Cu. Finally, when nanoimprint formation is correlated with the uniaxial response of the indented minuscule material volume, the hardness to yield strength ratio, , varies from 7 to 10, which largely exceeds the continuum plasticity bound of 2.8. Our results have general implications to the understanding of indentation size-effects, where the onset of extreme nanoscale hardness values is associated with the occurrence of unique imprint-forming processes under large strain gradients.</subfield>
   </datafield>
   <datafield ind2=" " ind1=" " tag="520">
      <subfield code="a">Peer Reviewed</subfield>
   </datafield>
   <datafield ind2=" " ind1=" " tag="520">
      <subfield code="a">Postprint (published version)</subfield>
   </datafield>
   <datafield tag="653" ind2=" " ind1=" ">
      <subfield code="a">Plasticity</subfield>
   </datafield>
   <datafield tag="653" ind2=" " ind1=" ">
      <subfield code="a">Nanoindentation</subfield>
   </datafield>
   <datafield tag="653" ind2=" " ind1=" ">
      <subfield code="a">Hardness</subfield>
   </datafield>
   <datafield tag="653" ind2=" " ind1=" ">
      <subfield code="a">Dislocations</subfield>
   </datafield>
   <datafield tag="653" ind2=" " ind1=" ">
      <subfield code="a">Twinning</subfield>
   </datafield>
   <datafield tag="653" ind2=" " ind1=" ">
      <subfield code="a">Crystal plasticity</subfield>
   </datafield>
   <datafield tag="653" ind2=" " ind1=" ">
      <subfield code="a">Plasticitat</subfield>
   </datafield>
   <datafield ind2="0" ind1="0" tag="245">
      <subfield code="a">Understanding imprint formation, plastic instabilities and hardness evolutions in FCC, BCC and HCP metal surfaces</subfield>
   </datafield>
</record></metadata></record></GetRecord></OAI-PMH>